Statistics for NBA General Knowledge Quiz

Click here to take the quiz!

General Stats

  • This quiz has been taken 503 times
  • The average score is 8 of 15

Answer Stats

QuestionAnswer% Correct
What former player is the silhouette of the NBA Logo?Jerry West
97%
Who was the famous center with the initials K.A.J?Kareem Abdul-Jabbar
78%
How many rings has Tim Duncan won?5
72%
Derrick Rose is older than Kevin Durant.False
69%
Who is the head coach of the Phoenix Suns?Monty Williams
65%
Who did Scottie Pippen (former Bulls player) not want on their team?Dennis Rodman
61%
What were the two teams who competed in the very first game of history?Huskies and Knickerbockers
51%
Who owns the Atlanta Hawks?Antony Ressler
49%
How many commissioners has the NBA had since it was founded?4
47%
Who won the 1997 NBA Most Valuable Player Award?Karl Malone
47%
Where was it founded?New York City
47%
How many points did LeBron James average during the 2015 NBA Finals?35.8 points
46%
When was the NBA officially founded?6th of June 1946
44%
What is expected to be the NBA salary cap in 2020?$118 million U.S. dollars
36%
What overall pick was John Stockton in the 1984 NBA Draft?Round 1, Pick 16
15%

Score Distribution

Percentile by Number Answered

Percent of People with Each Score

Your Score History

You have not taken this quiz